Tribhuvan University Central Library

Webster's new world : (Record no. 124145)

MARC details
000 -LEADER
fixed length control field 00452nam a22001457a 4500
005 - DATE AND TIME OF LATEST TRANSACTION
control field 20250730150928.0
008 - FIXED-LENGTH DATA ELEMENTS--GENERAL INFORMATION
fixed length control field 250730b |||||||| |||| 00| 0 eng d
082 ## - DEWEY DECIMAL CLASSIFICATION NUMBER
Edition number 23rd.
Classification number 420.3
Item number W391
245 ## - TITLE STATEMENT
Title Webster's new world :
Remainder of title compact dictionary /
Statement of responsibility, etc. ed. by Victoria Neufeldt.
260 ## - PUBLICATION, DISTRIBUTION, ETC.
Place of publication, distribution, etc. New Delhi :
Name of publisher, distributor, etc. IDG Books India,
Date of publication, distribution, etc. 2000.
300 ## - PHYSICAL DESCRIPTION
Extent xii, 516p.
650 ## - SUBJECT ADDED ENTRY--TOPICAL TERM
Topical term or geographic name entry element English language
Form subdivision Dictionary
700 1# - ADDED ENTRY--PERSONAL NAME
Personal name Neufeldt, Victoria (ed.)
942 ## - ADDED ENTRY ELEMENTS (KOHA)
Source of classification or shelving scheme Library of Congress Classification
Koha item type Reference Collections
Holdings
Withdrawn status Lost status Source of classification or shelving scheme Damaged status Not for loan Home library Current library Shelving location Date acquired Total Checkouts Full call number Barcode Date last seen Price effective from Koha item type
    Dewey Decimal Classification     Tribhuvan University Central Library Tribhuvan University Central Library New Building 07/30/2025   420.3 W391 G96361 07/30/2025 07/30/2025 General Collections